000 00674nam a2200217 4500
001 145283
003 ES-MaACL
005 20230906201212.0
007 t|
008 070214s1952 sp r ||||1| spa d
100 1 _aSpain, Nancy.
_9107626
245 1 0 _aCenicienta va a la morgue
_b: novela /
_cNancy Spain ; traducción de J. Sarsanedas.
250 _a1ª. ed.
260 _aBarcelona :
_bAymá,
_c1952.
300 _a331 p. :
_bil. ;
_c19 cm.
490 1 _aMelilla. Col. de novela actual ;
_v2
700 1 _aSarsanedas, Jordi.
_9103877
830 0 _aMelilla. Col. de novela actual ;
_v2
_9220750
852 _aES-MaACL
_jD-8179
_bR.32780
999 _c145283
_d145283